000 00384nam a22001577a 4500
003 MPLRDC
005 20220104124353.0
008 210129b ||||| |||| 00| 0 eng d
082 _a859.8 GLBA
100 _a格拉比安斯基著
245 _a猫之歌
_c
260 _a
_b明华出版公司
_c1982
300 _b
650 _a童诗; 童谣; 谜语
942 _cBK
_o859.8 GLBA
999 _c18795
_d18785